Những kĩ thuật mới phần cứng máy tính

Salvato in:
Dettagli Bibliografici
Autore principale: Bryan Pfaffenberger
Natura: Libro
Lingua:Undetermined
Pubblicazione: Hà Nội Thống Kê 1996
Soggetti:
Tags: Aggiungi Tag
Nessun Tag, puoi essere il primo ad aggiungerne! !
Thư viện lưu trữ: Trung tâm Học liệu Trường Đại học Cần Thơ
LEADER 00531nam a2200169Ia 4500
001 CTU_22043
008 210402s9999 xx 000 0 und d
082 |a 621.38195 
082 |b P523 
100 |a Bryan Pfaffenberger 
245 0 |a Những kĩ thuật mới phần cứng máy tính 
245 0 |c Bryan Pfaffenberger 
260 |a Hà Nội 
260 |b Thống Kê 
260 |c 1996 
650 |a computer input-output equipment,hardware, computer 
980 |a Trung tâm Học liệu Trường Đại học Cần Thơ